000 00364nam a2200133Ia 4500
008 220217s9999||||xx |||||||||||||| ||und||
082 _a620.1 BHA
100 _aBhatt, N.D and Panchal, V.M
245 0 _aEngineering drawing
250 _a49th
260 _aCharotar publishing house
_bNew Delhi
_c2008
300 _aXVI, 600p.
_b150
650 _aMECHANICHAL
999 _c180362
_d180362